000 00901nam a22002297a 4500
005 20240530110539.0
008 160504s2013 ua g 000 0 ara d
017 _a2013/20978
_bمصر. دار الكتب المصرية
020 _a9789774486531
040 _aEG-CaGPL
082 0 4 _221
_a327.1\
_bع س
100 0 _aعبدالقادر الهوارى .
245 1 0 _aسقوط امبراطورية الغرب العظمى و صعود امبراطورية الشرق الاعظم /
_cعبدالقادر الهوارى .
250 _aط1.
260 _aالقاهرة :
_bالهيئة المصرية العامة للكتاب ،
_c2013 .
300 _a257 ص ؛
_c22 سم .
504 _aببليوجرافية : ص 239 - 252
650 0 4 _aالسياسة الدولية .
650 0 4 _aالاقتصاد الدولى .
942 _2ddc
_cBK
999 _c62210
_d62210